<?xml version="1.0" encoding="UTF-8"?>
<record
    xmlns:xsi="http://www.w3.org/2001/XMLSchema-instance"
    xsi:schemaLocation="http://www.loc.gov/MARC21/slim http://www.loc.gov/standards/marcxml/schema/MARC21slim.xsd"
    xmlns="http://www.loc.gov/MARC21/slim">

  <leader>01652nam0a2200349   4500</leader>
  <controlfield tag="001">RU\NLR\BIBL_A\022581726</controlfield>
  <controlfield tag="005">20260420050529.0</controlfield>
  <datafield tag="010" ind1=" " ind2=" ">
    <subfield code="a">978-5-93633-204-3</subfield>
    <subfield code="9">200</subfield>
  </datafield>
  <datafield tag="021" ind1=" " ind2=" ">
    <subfield code="a">RU</subfield>
    <subfield code="b">&#x41A;&#x41D;-&#x41F;-25-028931</subfield>
    <subfield code="9">&#x41A;&#x41D;-&#x41F;-25-2861</subfield>
  </datafield>
  <datafield tag="035" ind1=" " ind2=" ">
    <subfield code="a">(NLR Aleph) 022581726</subfield>
  </datafield>
  <datafield tag="090" ind1=" " ind2=" ">
    <subfield code="a">13677253</subfield>
    <subfield code="c">13677253</subfield>
  </datafield>
  <datafield tag="100" ind1=" " ind2=" ">
    <subfield code="a">20250708d2025    u  y0rusy50      ca</subfield>
  </datafield>
  <datafield tag="101" ind1="0" ind2=" ">
    <subfield code="a">rus</subfield>
  </datafield>
  <datafield tag="102" ind1=" " ind2=" ">
    <subfield code="a">RU</subfield>
  </datafield>
  <datafield tag="105" ind1=" " ind2=" ">
    <subfield code="a">a   j   000yy</subfield>
  </datafield>
  <datafield tag="181" ind1=" " ind2="0">
    <subfield code="a">i </subfield>
    <subfield code="b">axxe  </subfield>
  </datafield>
  <datafield tag="182" ind1=" " ind2="0">
    <subfield code="a">n</subfield>
  </datafield>
  <datafield tag="200" ind1="1" ind2=" ">
    <subfield code="a">&#x413;&#x435;&#x43E;&#x433;&#x440;&#x430;&#x444;&#x438;&#x447;&#x435;&#x441;&#x43A;&#x438;&#x435; &#x43E;&#x431;&#x44A;&#x435;&#x43A;&#x442;&#x44B; &#x43E;&#x43A;&#x440;&#x435;&#x441;&#x442;&#x43D;&#x43E;&#x441;&#x442;&#x435;&#x439; &#x41D;&#x43E;&#x440;&#x438;&#x43B;&#x44C;&#x441;&#x43A;&#x430;</subfield>
    <subfield code="e">&#x43C;&#x435;&#x442;&#x43E;&#x434;&#x438;&#x447;&#x435;&#x441;&#x43A;&#x438;&#x435; &#x440;&#x435;&#x43A;&#x43E;&#x43C;&#x435;&#x43D;&#x434;&#x430;&#x446;&#x438;&#x438; &#x434;&#x43B;&#x44F; &#x437;&#x430;&#x43D;&#x44F;&#x442;&#x438;&#x439; &#x432; &#x440;&#x430;&#x43C;&#x43A;&#x430;&#x445; &#x43F;&#x440;&#x43E;&#x435;&#x43A;&#x442;&#x430; &#x41A;&#x43B;&#x443;&#x431;&#x430; &#x438;&#x441;&#x441;&#x43B;&#x435;&#x434;&#x43E;&#x432;&#x430;&#x442;&#x435;&#x43B;&#x435;&#x439; &#x422;&#x430;&#x439;&#x43C;&#x44B;&#x440;&#x430; "&#x428;&#x43A;&#x43E;&#x43B;&#x430; &#x43A;&#x440;&#x430;&#x435;&#x432;&#x435;&#x434;&#x430; &#x41D;&#x43E;&#x440;&#x438;&#x43B;&#x44C;&#x441;&#x43A;&#x430;"</subfield>
    <subfield code="f">&#x41B;&#x430;&#x440;&#x438;&#x441;&#x430; &#x421;&#x442;&#x440;&#x44E;&#x447;&#x43A;&#x43E;&#x432;&#x430;</subfield>
    <subfield code="g">[&#x424;&#x43E;&#x43D;&#x434; &#x41F;&#x440;&#x435;&#x437;&#x438;&#x434;&#x435;&#x43D;&#x441;&#x43A;&#x438;&#x445; &#x433;&#x440;&#x430;&#x43D;&#x442;&#x43E;&#x432;]</subfield>
  </datafield>
  <datafield tag="203" ind1=" " ind2=" ">
    <subfield code="a">&#x422;&#x435;&#x43A;&#x441;&#x442;</subfield>
    <subfield code="b">&#x432;&#x438;&#x437;&#x443;&#x430;&#x43B;&#x44C;&#x43D;&#x44B;&#x439;</subfield>
    <subfield code="c">&#x43D;&#x435;&#x43F;&#x43E;&#x441;&#x440;&#x435;&#x434;&#x441;&#x442;&#x432;&#x435;&#x43D;&#x43D;&#x44B;&#x439;</subfield>
  </datafield>
  <datafield tag="210" ind1=" " ind2=" ">
    <subfield code="a">&#x41D;&#x43E;&#x440;&#x438;&#x43B;&#x44C;&#x441;&#x43A;</subfield>
    <subfield code="c">&#x410;&#x41F;&#x415;&#x41A;&#x421;</subfield>
    <subfield code="d">2025</subfield>
  </datafield>
  <datafield tag="215" ind1=" " ind2=" ">
    <subfield code="a">30, [1] &#x441;.</subfield>
    <subfield code="c">&#x438;&#x43B;.</subfield>
    <subfield code="d">21</subfield>
  </datafield>
  <datafield tag="320" ind1=" " ind2=" ">
    <subfield code="a">&#x411;&#x438;&#x431;&#x43B;&#x438;&#x43E;&#x433;&#x440;.: &#x441;. 30</subfield>
  </datafield>
  <datafield tag="333" ind1=" " ind2=" ">
    <subfield code="a">0+</subfield>
  </datafield>
  <datafield tag="606" ind1="1" ind2=" ">
    <subfield code="a">&#x41F;&#x440;&#x438;&#x440;&#x43E;&#x434;&#x43D;&#x44B;&#x435; &#x43E;&#x431;&#x44A;&#x435;&#x43A;&#x442;&#x44B;</subfield>
    <subfield code="x">&#x41E;&#x43A;&#x440;&#x435;&#x441;&#x442;&#x43D;&#x43E;&#x441;&#x442;&#x438;</subfield>
    <subfield code="y">&#x41D;&#x43E;&#x440;&#x438;&#x43B;&#x44C;&#x441;&#x43A;, &#x433;&#x43E;&#x440;&#x43E;&#x434; (&#x41A;&#x440;&#x430;&#x441;&#x43D;&#x43E;&#x44F;&#x440;&#x441;&#x43A;&#x438;&#x439; &#x43A;&#x440;&#x430;&#x439;)</subfield>
    <subfield code="9">2677151</subfield>
    <subfield code="3">RU\NLR\AUTH\6601759938</subfield>
  </datafield>
  <datafield tag="686" ind1="1" ind2=" ">
    <subfield code="a">&#x414;829(2&#x420;54-4&#x41A;&#x440;&#x430;-2)</subfield>
  </datafield>
  <datafield tag="700" ind1=" " ind2="1">
    <subfield code="a">&#x421;&#x442;&#x440;&#x44E;&#x447;&#x43A;&#x43E;&#x432;&#x430;</subfield>
    <subfield code="b">&#x41B;. &#x41D;.</subfield>
    <subfield code="f">1965-</subfield>
    <subfield code="g">&#x41B;&#x430;&#x440;&#x438;&#x441;&#x430; &#x41D;&#x438;&#x43A;&#x43E;&#x43B;&#x430;&#x435;&#x432;&#x43D;&#x430;</subfield>
  </datafield>
  <datafield tag="712" ind1="0" ind2="2">
    <subfield code="4">570</subfield>
    <subfield code="a">&#x41A;&#x43B;&#x443;&#x431; &#x438;&#x441;&#x441;&#x43B;&#x435;&#x434;&#x43E;&#x432;&#x430;&#x442;&#x435;&#x43B;&#x435;&#x439; &#x422;&#x430;&#x439;&#x43C;&#x44B;&#x440;&#x430;</subfield>
    <subfield code="c">&#x41D;&#x43E;&#x440;&#x438;&#x43B;&#x44C;&#x441;&#x43A;</subfield>
    <subfield code="9">642093</subfield>
    <subfield code="3">RU\NLR\AUTH\880490888</subfield>
  </datafield>
  <datafield tag="942" ind1=" " ind2=" ">
    <subfield code="c">BOOK</subfield>
  </datafield>
  <datafield tag="980" ind1=" " ind2=" ">
    <subfield code="a">NB</subfield>
  </datafield>
</record>
